000 01538nam0a22002891 4500
001 rc\4502572
005 20260407122500.0
021 _aRU
_b[60-36329]
035 _a(NLR Aleph) 008613890
090 _a8780502
_c8780502
100 _a20130416d1960 |||y0rusy50 ca
101 0 _arus
102 _aRU
105 _ay z |||||
200 1 _aХроника важнейших событий Великой Октябрьской социалистической революции в Казахстане. (25 октября - 7 ноября 1917 г. - 4 октября 1920 г.)
_fО-во по распространению полит. и науч. знаний КазССР. Ин-т истории партии при ЦК КП Казахстана
210 _aАлма-Ата
_cБ. и.
_d1960
215 _a59 с.
_d20
300 _aСост. указан на обороте тит. л.
606 _aИностранная военная интервенция и гражданская война в СССР 1918-1920 гг.
_yКазахстан
_xХронология
_2psbo
606 _aВеликая Октябрьская социалистическая революция
_yКазахстан
_xХронология
_2psbo
700 1 _aКульбаев
_bС.Б.
_gСулеймен Будыкович
_4220
712 0 2 _a"Знание", о-во КазССР
_cАлма-Ата
_3RU\NLR\AUTH\889959125
_9414424
801 0 _aRU
_bNLR
_gpsbo
801 1 _aRU
_bELAR
_2rusmarc
852 _aNLR
_j60-4/7043
942 _cBOOK
980 _aNB